000 01595nam a2200265Ii 4500
003 JO-AjNU
005 20240623114213.0
008 230605s9999||||xx |||||||||||||| ||und||
040 _aJO-AjNU
_bara
_erda
_cJO-AjNU
041 _aara
050 _aHF5626.
_bQ3368 2012
100 1 _aالقضاة، مصطفى محمود عبدالله
_964837
_eمعد
245 0 _aمعوقات تطبيق معيار الإبلاغ المالي الدولي الخاص بالمنشآت الصغيرة والمتوسطة الحجم في الأردن من وجهة نظر محققي الحسابات القانونيين الأردنيين = Obstacles of Implementing International Financal Reporting Standard for Small and Medium - Sized Entities in Jordan From the Point View of Jordanian CPAs /
_cإعداد مصطفى محمود عبد الله القضاة ؛ إشراف محمود حسن قاقيش.
260 _c2012
300 _a113 ورقة
336 _atext
_btxt
_2rdacontent
337 _aunmediated
_bn
_2rdamedia
338 _avolume
_bnc
_2rdacarrier
500 _aرسالة جامعية (ماجستير).- جامعة اليرموك (إربد، الأردن)، كلية الإقتصاد والعلوم الإدارية ؛ قسم المحاسبة، 2012
501 _aتحتوي على ملاحق
504 _aتحتوي على مراجع باللغتين العربية والانجليزية
650 4 0 _aالمعيار المحاسبي الدولي-مراجعة الحسابات-الاردن.
_964839
700 1 _aقاقيش، محمود حسن
_964645
_eمشرف
942 _2lcc
_cTHS
999 _c33022
_d33022